NCAA Basketball 2011: University of Northern Colorado Quiz Stats

 Plays Quiz Updated Jun 16, 2015

Also try: Sort the 'S' Teams
Challenge
Share
Tweet
Score 0/25 Timer 05:00
0 Plays Today
Hint Answers % Correct
NicknameBears
75.8%
ColorsNavy Blue and Gold
63.6%
ConferenceBig Sky
58.9%
CityGreeley, Colorado
49.6%
2nd Round OpponentSan Diego State University
28.9%
GuardDevon Beitzel
25%
Basketball ArenaButler-Hancock Sports Pavilion
21.7%
CoachB.J. Hill
20.9%
ForwardNeal Kingman
19.2%
ForwardChris Kaba
18.8%
GuardXzaivier James
18.4%
GuardTate Unruh
18.4%
ForwardEmmanuel Addo
17.8%
Hint Answers % Correct
ForwardMike Proctor
17.8%
GuardElliott Lloyd
17.4%
GuardLee Hall
16.3%
ForwardTaylor Montgomery
16.3%
GuardPaul Garnica
15.3%
Highest NBA Scoring AlumMike Higgins
14.7%
All-time Leading Scorer (2,112 points)Mike Higgins
14.7%
CenterKevin Hanes
14.5%
GuardDavid Arnold
13.6%
CenterConnor Osborne
13.6%
GuardTevin Svihovec
12.8%
ForwardMichael Bedford
12.6%

You're not logged in!

Compare scores with friends on all Sporcle quizzes.
Join for Free
OR
Log In

Show Comments

Extras

Top Quizzes Today


Score Distribution

Your Account Isn't Verified!

In order to create a playlist on Sporcle, you need to verify the email address you used during registration. Go to your Sporcle Settings to finish the process.

Report this User

Report this user for behavior that violates our Community Guidelines.

Details: